Statistiques concernant Fromages en image

Cliquez ici pour prendre le quiz!

Statistiques générales

  • Ce quiz a été pris 551 fois
  • Le résultat moyen est 12 sur 20

Statistiques - réponses

Réponse% Correct
Mozzarella
93%
Emmental
91%
Roquefort
91%
Chèvre
90%
Comté
85%
Raclette
83%
Morbier
76%
Reblochon
75%
Parmesan
63%
Mont d'Or
59%
Fourme d'Ambert
52%
Saint-Nectaire
52%
Tomme de Savoie
50%
Gorgonzola
48%
Munster
48%
Cantal
46%
Maroilles
46%
Saint-Marcellin
41%
Livarot
22%
Rocamadour
20%

Distribution des résultats

Percentile par nombre de réponses

% des personnes avec chaque résultat

Votre développement - résultats

Vous n’avez pas pris ce quiz